Sportowcy według państw #2 - Statystyki

Ogólne statystyki
  • Ten quiz został rozwiązany 2 269 razy
  • Średni wynik to 10 z 21
Statystyki odpowiedzi
Sportowiec Państwo % Poprawnych
Pelé Brazylia
96%
Wołodymyr Kłyczko Ukraina
91%
Yao Ming Chiny
86%
Roger Federer Szwajcaria
85%
Didier Drogba Wybrzeże Kości Słoniowej
78%
Toni Kukoč Chorwacja
67%
Julio Cesar Chavez, Jr. Meksyk
67%
Dominik Hasek Czechy
57%
Jackie Joyner-Kersee Stany Zjednoczone
54%
Steffi Graf Niemcy
53%
Paula Radcliffe Wielka Brytania
48%
Kim Clijsters Belgia
45%
Margaret Court Australia
40%
Paavo Nurmi Finlandia
40%
Miguel Indurain Hiszpania
38%
Manu Ginóbili Argentyna
23%
Sachin Tendulkar Indie
22%
Sonja Henie Norwegia
15%
Jonah Lomu Nowa Zelandia
9%
Vijay Singh Fidżi
7%
Sammy Sosa Dominikana
6%
Nie znaleziono quizów pasujących do podanych kryteriów
Rozkład punktacji
Procent ludzi z każdym wynikiem
Percentyl według liczby udzielonych odpowiedzi
Twoja historia wyników
Nie rozwiązałeś tego quizu